000 00743nam a22002535a 4500
001 003009
003 armpunfd
005 20150623155327.0
008 140918s1997####ag############000#0#und#d
020 _a9879993187
080 _a347.735 P 415
245 1 0 _aRiesgo Crediticio :
_bProceso de Análisis de Riesgo- Riesgo Juridico- Creditos en Dificultades- Clasificacion de Deudores /
260 _aBuenos Aires :
_bRoberto Guido,
_c1997.
300 _a275 P.
650 7 _aCreditos
_2LEMB
650 7 _aEmpresas
_2LEMB
650 7 _aPymes
_2LEMB
650 7 _aRiesgo Crediticio
_2LEMB
651 _2LEMB
700 1 _aBarreira Delfino, Eduardo A.
700 1 _aPerez Lamela, Héctor D.
945 _acd
_d2014-09-18
999 _c3362
_d233866